000 00655nam a22002177a 4500
003 UA-OsUOA
001 65861
007 ta
008 20091214b un ||||| |||| 00| 0 ukr d
100 _aКлимчак М.
090 _a94(477)
_bК49
942 _cSA
040 _aUA-OsUOA
_bukr
_cUA-OsUOA
_dUA-OsUOA
245 _aРятівник Лінкольна. Національний герой США Іван Турчин мав україське козацьке коріння
300 _aС.13
955 _a0
041 _aukr
080 _a94(477)
773 0 _w65860
650 7 _a9 Географія. Біографії. Історія
_2UDC
999 _c352374
_d352374